[Event "Stay Safe Play From Home 175"]
[Site "T#646355Emanuel Laske"]
[Date "2020.05.26"]
[Round "9"]
[White "SoulofWolf"]
[Black "Tolka"]
[Result "1/2-1/2"]
[WhiteElo "2207"]
[BlackElo "2266"]
[Annotator "RC"]
[PlyCount "131"]
[EventDate "2020.05.26"]
[EventType "swiss (blitz)"]

1. Nf3 {[%emt 0:00:01]} d6 {[%emt 0:00:01]} 2. c4 {[%emt 0:00:00]} Nf6 {[%emt 0:00:00]} 3. e3 {[%emt 0:00:00]} g6 {[%emt 0:00:00]} 4. b3 {[%emt 0:00:00]} Bg7 {[%emt 0:00:00]} 5. Bb2 {[%emt 0:00:00]} O-O {[%emt 0:00:00]} 6. Nc3 {[%emt 0:00:00]} b6 {[%emt 0:00:00]} 7. d4 {[%emt 0:00:00]} Bb7 {[%emt 0:00:00]} 8. Be2 {[%emt 0:00:00]} Ne4 {[%emt 0:00:00]} 9. O-O {[%emt 0:00:01]} Nxc3 {[%emt 0:00:00]} 10. Bxc3 {[%emt 0:00:00]} Be4 {[%emt 0:00:01]} 11. Rc1 {[%emt 0:00:01]} Nd7 {[%emt 0:00:02]} 12. Nd2 {[%emt 0:00:00]} Bb7 {[%emt 0:00:01]} 13. a4 {[%emt 0:00:01]} a5 {[%emt 0:00:01]} 14. Bf3 {[%emt 0:00:01]} Bxf3 {[%emt 0:00:01]} 15. Qxf3 {[%emt 0:00:00]} Rb8 {[%emt 0:00:01]} 16. Ne4 {[%emt 0:00:01]} Qc8 {[%emt 0:00:01]} 17. h3 {[%emt 0:00:01]} Qb7 {[%emt 0:00:01]} 18. d5 {[%emt 0:00:04]} Bxc3 {[%emt 0:00:01]} 19. Nxc3 {[%emt 0:00:00]} Ne5 {[%emt 0:00:01]} 20. Qe2 {[%emt 0:00:01]} Qc8 {[%emt 0:00:00]} 21. Nb5 {[%emt 0:00:01]} c6 {[%emt 0:00:02]} 22. Nc3 {[%emt 0:00:03]} c5 {[%emt 0:00:01]} 23. Nb5 {[%emt 0:00:01]} Qf5 {[%emt 0:00:02]} 24. Rfd1 {[%emt 0:00:02]} Nd7 {[%emt 0:00:02]} 25. Nc7 {[%emt 0:00:02]} Rbc8 {[%emt 0:00:02]} 26. Nb5 {[%emt 0:00:00]} Nf6 {[%emt 0:00:02]} 27. Na7 {[%emt 0:00:01]} Rc7 {[%emt 0:00:01]} 28. Nc6 {[%emt 0:00:01]} Nd7 {[%emt 0:00:02]} 29. Nxe7+ {[%emt 0:00:02]} Kg7 {[%emt 0:00:01]} 30. Nxf5+ {[%emt 0:00:01]} gxf5 {[%emt 0:00:00]} 31. Qd3 {[%emt 0:00:01]} Kf6 {[%emt 0:00:01]} 32. e4 {[%emt 0:00:02]} Ne5 {[%emt 0:00:01]} 33. Qe3 {[%emt 0:00:01]} Rg8 {[%emt 0:00:01]} 34. Qf4 {[%emt 0:00:01]} Rg5 {[%emt 0:00:01]} 35. h4 {[%emt 0:00:01]} Rh5 {[%emt 0:00:01]} 36. Rc3 {[%emt 0:00:01]} Rc8 {[%emt 0:00:01]} 37. Rg3 {[%emt 0:00:03]} Rf8 {[%emt 0:00:01]} 38. Rg5 {[%emt 0:00:01]} Rxg5 {[%emt 0:00:01]} 39. hxg5+ {[%emt 0:00:00]} Kg6 {[%emt 0:00:01]} 40. exf5+ {[%emt 0:00:01]} Kg7 {[%emt 0:00:01]} 41. f6+ {[%emt 0:00:01]} Kh8 {[%emt 0:00:01]} 42. Qf5 {[%emt 0:00:01]} Rg8 {[%emt 0:00:01]} 43. f4 {[%emt 0:00:01]} Ng6 {[%emt 0:00:02]} 44. g3 {[%emt 0:00:01]} h6 {[%emt 0:00:01]} 45. gxh6 {[%emt 0:00:03]} Nh4 {[%emt 0:00:01]} 46. Qh5 {[%emt 0:00:06]} Ng6 {[%emt 0:00:01]} 47. Kf2 {[%emt 0:00:01]} Re8 {[%emt 0:00:01]} 48. Re1 {[%emt 0:00:01]} Rxe1 {[%emt 0:00:01]} 49. Kxe1 {[%emt 0:00:00]} Kh7 {[%emt 0:00:00]} 50. Qf5 {[%emt 0:00:01]} Kxh6 {[%emt 0:00:01]} 51. Qd7 {[%emt 0:00:01]} Kh5 {[%emt 0:00:01]} 52. Qxd6 {[%emt 0:00:01]} Kg4 {[%emt 0:00:01]} 53. Qxb6 {[%emt 0:00:01]} Kf3 {[%emt 0:00:01]} 54. Qxc5 {[%emt 0:00:00]} Kxg3 {[%emt 0:00:01]} 55. d6 {[%emt 0:00:00]} Nxf4 {[%emt 0:00:00]} 56. d7 {[%emt 0:00:00]} Nd3+ {[%emt 0:00:00]} 57. Kd2 {[%emt 0:00:01]} Nxc5 {[%emt 0:00:00]} 58. d8=Q {[%emt 0:00:00]} Ne6 {[%emt 0:00:00]} 59. Qd6+ {[%emt 0:00:01]} Nf4 {[%emt 0:00:00]} 60. c5 {[%emt 0:00:00]} Kg2 {[%emt 0:00:00]} 61. Qxf4 {[%emt 0:00:00]} Kg1 {[%emt 0:00:01]} 62. c6 {[%emt 0:00:00]} Kg2 {[%emt 0:00:00]} 63. c7 {[%emt 0:00:00]} Kh3 {[%emt 0:00:00]} 64. c8=Q+ {[%emt 0:00:00]} Kg2 {[%emt 0:00:00]} 65. Qcf5 {[%emt 0:00:00]} Kh1 {[%emt 0:00:00]} 66. Q5g5 {[%emt 0:00:00] (Lag: Av=0.36s, max=0.8s)} 1/2-1/2

[Event "Stay Safe Play From Home 175"]
[Site "T#646355Emanuel Laske"]
[Date "2020.05.26"]
[Round "9"]
[White "Castlingarrocco"]
[Black "Lamborghini"]
[Result "0-1"]
[WhiteElo "2116"]
[BlackElo "2196"]
[Annotator "TA"]
[PlyCount "102"]
[EventDate "2020.05.26"]
[EventType "swiss (blitz)"]

{[%evp 9,101,-36,-26,-38,-38,-46,-35,-147,-145,-159,-141,-147,-147,-897,-126,-121,-117,-182,-162,-174,-88,-100,-88,-106,0,0,0,0,43,-30,22,-228,-152,-163,-177,-246,-187,-231,-227,-217,-204,-575,-446,-29996,-165,-158,-158,-151,-150,-173,-181,-181,-178,-156,-160,-154,-146,-147,-123,-140,-139,-204,-194,-187,-222,-5314,-364,-624,-279,-1465,-279,-462,-166,-1891,-2436,-29992,-29993,-29993,-29994,-29994,-29994,-29994,-29993,-29995,-29995,-29995,-29995,-29997,-29998,-29998,-29996,-29998,-29995,-29999]} 1. d4 Nf6 2. e3 g6 3. f4 Bg7 4. Nf3 O-O 5. Bc4 d6 {[#]} 6. Qe2 $146 {A45: Trompowsky Attack.} ({Predecessor:} 6. O-O Nbd7 7. Qe1 c5 8. c3 e6 9. Nbd2 b6 10. Qg3 Bb7 11. Ng5 Qe7 12. b3 h6 13. Ngf3 {0-1 (31) Skvortsov,A (2076)-Timerkhanov,A (2367) Kirov 2018}) 6... c5 {Hoping for ...d5.} 7. c3 Nc6 8. e4 (8. O-O $15) 8... cxd4 $17 9. cxd4 Bg4 {aiming for ...d5.} 10. d5 {[#]} Nd4 $1 {[%mdl 512]} 11. Qf2 $2 {[%mdl 8192]} (11. Qd3 $17 Bxf3 12. gxf3) (11. Nxd4 Bxe2) 11... Nxf3+ $2 (11... Nxe4 $19 {and Black stays clearly on top.} 12. Qf1 Nc2+ 13. Kd1 Nxa1) 12. gxf3 Bh3 13. Bf1 (13. Bb3 $17) 13... Bxf1 $19 14. Kxf1 Re8 (14... e6 $19 15. Nc3 exd5 16. Nxd5 Nxd5 17. exd5 Re8) 15. Nc3 $17 e6 16. dxe6 Rxe6 ({Black should play} 16... fxe6 $17 17. Kg2 Nh5) 17. Be3 $11 d5 {[%cal Rd5e4]} 18. Rd1 Qa5 {[%cal Rd5e4]} (18... Qe8 $5 {[%cal Rd5e4]} 19. e5 (19. Nxd5 Nxd5 20. Rxd5 Rxe4 $15) 19... Nh5 $11) 19. exd5 (19. e5 $14 Nh5 20. Rxd5 Qa6+ 21. Kg2) 19... Ree8 (19... Re7 $142) 20. Ne4 $2 (20. Kg2 $11 {and White has nothing to worry.}) 20... Nxe4 21. fxe4 Rxe4 22. Qd2 (22. Kg2 $142) 22... Qb5+ 23. Kf2 Rae8 24. Rhe1 Qd7 ({Not} 24... Bxb2 25. Rb1 $11) 25. Qd3 $2 (25. Bxa7 {is a better chance.} Qg4 26. Rxe4 Rxe4 27. Be3) 25... Qg4 {White must now prevent ...Bf6.} 26. Bd2 (26. d6 $19 Bd4 27. Qxd4 Qh4+ 28. Kf1 Rxd4 29. Rxd4) 26... Rxe1 $2 (26... Bd4+ {mates} 27. Re3 Rxf4+ 28. Ke1 Qh4+ {[%mdl 64] Double Attack} 29. Ke2 Qf2# {[%mdl 64] Pin}) 27. Rxe1 $19 Rxe1 28. Kxe1 Qg1+ {[%mdl 64] Double Attack} ({Don't take} 28... Bxb2 29. h3 $17) 29. Ke2 Qxh2+ 30. Kd1 Qg1+ 31. Kc2 Qc5+ 32. Bc3 Bxc3 33. bxc3 $17 {[%mdl 4096] Endgame KQ-KQ} Qd6 34. c4 h5 ({But not} 34... Qxf4 $6 35. d6 $11) 35. Qd4 (35. Kd1 $17 {was worth a try.}) 35... b6 $19 36. Kd3 h4 {Strongly threatening ...h3.} 37. Qe5 $2 (37. Ke2) 37... Qa3+ $2 (37... Qxe5 38. fxe5 h3) 38. Kd4 $2 (38. Ke2 Qxa2+ 39. Ke3) 38... Qb2+ (38... h3 $142 39. d6 Qc1 40. Qe8+ Kg7 41. Qe5+ Kh7) 39. Ke4 $2 (39. Ke3 Qa3+ 40. Kd4) 39... Qc2+ $2 (39... Qe2+ 40. Kd4 Qxe5+ 41. Kxe5 h3) 40. Kf3 $2 {[#]} (40. Ke3) 40... Qd1+ $2 (40... h3 $1 {And now ...Qg2+ would win.} 41. Qe8+ Kg7 42. Qe5+ Kg8 43. Qe8+ Kg7 44. Qe5+ Kg8) 41. Ke4 $2 (41. Kg2) 41... f5+ 42. Qxf5 gxf5+ {Black mates.} 43. Kxf5 h3 44. Ke6 Qd3 45. d6 Qe4+ 46. Kd7 Kf7 47. Kc7 Qxc4+ 48. Kd8 Ke6 49. d7 {[#]} Qd5 $1 {[%csl Ge6][%cal Rd5d7]} 50. Ke8 Qf5 51. d8=Q Qf7# {Accuracy: White = 28%, Black = 47%.} 0-1

[Event "Stay Safe Play From Home 175"]
[Site "T#646355Emanuel Laske"]
[Date "2020.05.26"]
[Round "9"]
[White "Lazieri3"]
[Black "Rish_97"]
[Result "0-1"]
[WhiteElo "2101"]
[BlackElo "2195"]
[Annotator "NA"]
[PlyCount "92"]
[EventDate "2020.05.26"]
[EventType "swiss (blitz)"]

1. e4 {[%emt 0:00:01]} c5 {[%emt 0:00:01]} 2. Nc3 {[%emt 0:00:00]} Nc6 {[%emt 0:00:01]} 3. d3 {[%emt 0:00:00]} g6 {[%emt 0:00:01]} 4. Nf3 {[%emt 0:00:00]} Bg7 {[%emt 0:00:01]} 5. Be3 {[%emt 0:00:01]} d6 {[%emt 0:00:00]} 6. Qd2 {[%emt 0:00:00]} e5 {[%emt 0:00:01]} 7. Be2 {[%emt 0:00:01]} Nd4 {[%emt 0:00:01]} 8. Nd5 {[%emt 0:00:02]} Ne7 {[%emt 0:00:01]} 9. Bh6 {[%emt 0:00:02]} Kf8 {[%emt 0:00:05]} 10. Bxg7+ {[%emt 0:00:02]} Kxg7 {[%emt 0:00:00]} 11. c3 {[%emt 0:00:02]} Nxe2 {[%emt 0:00:03]} 12. Nxe7 {[%emt 0:00:03]} Nf4 {[%emt 0:00:01]} 13. Nd5 {[%emt 0:00:02]} Nxd5 {[%emt 0:00:02]} 14. exd5 {[%emt 0:00:00]} Bg4 {[%emt 0:00:00]} 15. Qe3 {[%emt 0:00:02]} Bxf3 {[%emt 0:00:01]} 16. Qxf3 {[%emt 0:00:01]} f5 {[%emt 0:00:00]} 17. c4 {[%emt 0:00:01]} Qf6 {[%emt 0:00:01]} 18. O-O {[%emt 0:00:01]} Rae8 {[%emt 0:00:01]} 19. b3 {[%emt 0:00:01]} h5 {[%emt 0:00:01]} 20. Rfe1 {[%emt 0:00:01]} g5 {[%emt 0:00:01]} 21. h3 {[%emt 0:00:01]} g4 {[%emt 0:00:01]} 22. hxg4 {[%emt 0:00:01]} hxg4 {[%emt 0:00:00]} 23. Qg3 {[%emt 0:00:04]} Kf7 {[%emt 0:00:01]} 24. f3 {[%emt 0:00:01]} Reg8 {[%emt 0:00:01]} 25. fxg4 {[%emt 0:00:01]} Rxg4 {[%emt 0:00:00]} 26. Qf3 {[%emt 0:00:01]} Rf4 {[%emt 0:00:04]} 27. Qg3 {[%emt 0:00:02]} Qh6 {[%emt 0:00:01]} 28. Qh3 {[%emt 0:00:05]} Qg7 {[%emt 0:00:02]} 29. Qe3 {[%emt 0:00:04]} Qh6 {[%emt 0:00:07]} 30. Qh3 {[%emt 0:00:01]} Qxh3 {[%emt 0:00:01]} 31. gxh3 {[%emt 0:00:00]} Rxh3 {[%emt 0:00:00]} 32. Rf1 {[%emt 0:00:02]} Rg3+ {[%emt 0:00:01]} 33. Kh2 {[%emt 0:00:01]} Rxf1 {[%emt 0:00:00]} 34. Rxf1 {[%emt 0:00:02]} Rg5 {[%emt 0:00:00]} 35. Rg1 {[%emt 0:00:02]} Kg6 {[%emt 0:00:00]} 36. Rb1 {[%emt 0:00:03]} Rh5+ {[%emt 0:00:01]} 37. Kg3 {[%emt 0:00:01]} Rg5+ {[%emt 0:00:00]} 38. Kf3 {[%emt 0:00:01]} f4 {[%emt 0:00:00]} 39. Kf2 {[%emt 0:00:01]} Kf6 {[%emt 0:00:00]} 40. b4 {[%emt 0:00:01]} b6 {[%emt 0:00:01]} 41. bxc5 {[%emt 0:00:00]} dxc5 {[%emt 0:00:00]} 42. Ra1 {[%emt 0:00:01]} Rh5 {[%emt 0:00:01]} 43. a4 {[%emt 0:00:00]} Rh2+ {[%emt 0:00:00]} 44. Kf3 {[%emt 0:00:02]} Rh3+ {[%emt 0:00:00]} 45. Kg4 {[%emt 0:00:00]} Rxd3 {[%emt 0:00:00]} 46. Kh4 {[%emt 0:00:00]} Rg3 {[%emt 0:00:00] Time (Lag: Av=0.65s, max=1.1s)} 0-1

[Event "Stay Safe Play From Home 175"]
[Site "T#646355Emanuel Laske"]
[Date "2020.05.26"]
[Round "9"]
[White "Haxhi Baha"]
[Black "Fischer_11"]
[Result "0-1"]
[WhiteElo "1923"]
[BlackElo "1887"]
[Annotator "NA"]
[PlyCount "80"]
[EventDate "2020.05.26"]
[EventType "swiss (blitz)"]

1. e4 {[%emt 0:00:01]} Nf6 {[%emt 0:00:02]} 2. Nc3 {[%emt 0:00:02]} d5 {[%emt 0:00:01]} 3. exd5 {[%emt 0:00:00]} Nxd5 {[%emt 0:00:00]} 4. Qf3 {[%emt 0:00:01]} Nb4 {[%emt 0:00:02]} 5. Bb5+ {[%emt 0:00:03]} c6 {[%emt 0:00:02]} 6. Ba4 {[%emt 0:00:01]} e6 {[%emt 0:00:02]} 7. a3 {[%emt 0:00:02]} Nd5 {[%emt 0:00:01]} 8. Nge2 {[%emt 0:00:01]} Be7 {[%emt 0:00:02]} 9. O-O {[%emt 0:00:02]} O-O {[%emt 0:00:00]} 10. Bb3 {[%emt 0:00:02]} Bf6 {[%emt 0:00:02]} 11. d4 {[%emt 0:00:01]} Nd7 {[%emt 0:00:02]} 12. Bd2 {[%emt 0:00:01]} Nxc3 {[%emt 0:00:01]} 13. bxc3 {[%emt 0:00:01]} Re8 {[%emt 0:00:00]} 14. Bf4 {[%emt 0:00:03]} e5 {[%emt 0:00:00]} 15. dxe5 {[%emt 0:00:02]} Nxe5 {[%emt 0:00:01]} 16. Bxe5 {[%emt 0:00:01]} Bxe5 {[%emt 0:00:00]} 17. Rad1 {[%emt 0:00:01]} Qf6 {[%emt 0:00:02]} 18. Qxf6 {[%emt 0:00:05]} Bxf6 {[%emt 0:00:00]} 19. Nf4 {[%emt 0:00:02]} Bxc3 {[%emt 0:00:01]} 20. Rd3 {[%emt 0:00:03]} Be5 {[%emt 0:00:02]} 21. Nh5 {[%emt 0:00:02]} g6 {[%emt 0:00:01]} 22. Ng3 {[%emt 0:00:01]} Be6 {[%emt 0:00:03]} 23. Rf3 {[%emt 0:00:02]} Rad8 {[%emt 0:00:03]} 24. Ne4 {[%emt 0:00:03]} f6 {[%emt 0:00:03]} 25. Nxf6+ {[%emt 0:00:02]} Bxf6 {[%emt 0:00:02]} 26. Rxf6 {[%emt 0:00:00]} Bxb3 {[%emt 0:00:01]} 27. cxb3 {[%emt 0:00:01]} Kg7 {[%emt 0:00:02]} 28. Rf3 {[%emt 0:00:02]} Rd2 {[%emt 0:00:01]} 29. g3 {[%emt 0:00:01]} Ree2 {[%emt 0:00:00]} 30. Kg2 {[%emt 0:00:02]} h5 {[%emt 0:00:01]} 31. Rc3 {[%emt 0:00:04]} Rc2 {[%emt 0:00:01]} 32. Rxc2 {[%emt 0:00:02]} Rxc2 {[%emt 0:00:00]} 33. Re1 {[%emt 0:00:00]} Kf6 {[%emt 0:00:02]} 34. Rd1 {[%emt 0:00:01]} Rb2 {[%emt 0:00:00]} 35. Rd6+ {[%emt 0:00:02]} Ke7 {[%emt 0:00:02]} 36. Rd3 {[%emt 0:00:00]} b6 {[%emt 0:00:01]} 37. h4 {[%emt 0:00:00]} c5 {[%emt 0:00:00]} 38. Kf3 {[%emt 0:00:00]} a6 {[%emt 0:00:00]} 39. a4 {[%emt 0:00:01]} Ke6 {[%emt 0:00:00]} 40. Ke3 {[%emt 0:00:01]} b5 {[%emt 0:00:00] Time (Lag: Av=0.57s, max=0.7s)} 0-1

[Event "Stay Safe Play From Home 175"]
[Site "T#646355Emanuel Laske"]
[Date "2020.05.26"]
[Round "9"]
[White "NeatFox"]
[Black "Mepe_Nika"]
[Result "0-1"]
[WhiteElo "1752"]
[BlackElo "2259"]
[Annotator "RC"]
[PlyCount "84"]
[EventDate "2020.05.26"]
[EventType "swiss (blitz)"]

1. g4 {[%emt 0:00:01]} d5 {[%emt 0:00:01]} 2. Bg2 {[%emt 0:00:00]} c6 {[%emt 0:00:01]} 3. c4 {[%emt 0:00:00]} dxc4 {[%emt 0:00:01]} 4. Qa4 {[%emt 0:00:01]} Bxg4 {[%emt 0:00:02]} 5. Qxc4 {[%emt 0:00:00]} Nf6 {[%emt 0:00:02]} 6. Qb3 {[%emt 0:00:01]} Qb6 {[%emt 0:00:02]} 7. Qxb6 {[%emt 0:00:01]} axb6 {[%emt 0:00:00]} 8. a3 {[%emt 0:00:00]} Nbd7 {[%emt 0:00:01]} 9. Nc3 {[%emt 0:00:00]} e5 {[%emt 0:00:01]} 10. d3 {[%emt 0:00:01]} Be7 {[%emt 0:00:02]} 11. Be3 {[%emt 0:00:01]} O-O {[%emt 0:00:01]} 12. Nf3 {[%emt 0:00:01]} b5 {[%emt 0:00:02]} 13. Ng5 {[%emt 0:00:04]} b4 {[%emt 0:00:02]} 14. Nb1 {[%emt 0:00:03]} h6 {[%emt 0:00:01]} 15. Nf3 {[%emt 0:00:02]} e4 {[%emt 0:00:02]} 16. dxe4 {[%emt 0:00:01]} Nxe4 {[%emt 0:00:00]} 17. O-O {[%emt 0:00:02]} Bf6 {[%emt 0:00:01]} 18. Bd4 {[%emt 0:00:02]} Rfe8 {[%emt 0:00:03]} 19. Bxf6 {[%emt 0:00:01]} Ndxf6 {[%emt 0:00:00]} 20. Nbd2 {[%emt 0:00:05]} Nxd2 {[%emt 0:00:01]} 21. Nxd2 {[%emt 0:00:01]} bxa3 {[%emt 0:00:00]} 22. bxa3 {[%emt 0:00:02]} Rxe2 {[%emt 0:00:01]} 23. Nf3 {[%emt 0:00:02]} Nd5 {[%emt 0:00:02]} 24. Nd4 {[%emt 0:00:01]} Rd2 {[%emt 0:00:03]} 25. Nb3 {[%emt 0:00:01]} Rd3 {[%emt 0:00:01]} 26. Nc5 {[%emt 0:00:01]} Rdxa3 {[%emt 0:00:01]} 27. Rad1 {[%emt 0:00:01]} Nf4 {[%emt 0:00:02]} 28. Rd7 {[%emt 0:00:02]} Ra1 {[%emt 0:00:03]} 29. Rxb7 {[%emt 0:00:02]} Be2 {[%emt 0:00:02]} 30. f3 {[%emt 0:00:06]} Nxg2 {[%emt 0:00:02]} 31. Rxa1 {[%emt 0:00:03]} Rxa1+ {[%emt 0:00:00]} 32. Kxg2 {[%emt 0:00:01]} Bc4 {[%emt 0:00:02]} 33. Rc7 {[%emt 0:00:01]} Bd5 {[%emt 0:00:01]} 34. Nd7 {[%emt 0:00:01]} Ra2+ {[%emt 0:00:01]} 35. Kg3 {[%emt 0:00:01]} Ra3 {[%emt 0:00:01]} 36. Ne5 {[%emt 0:00:01]} f6 {[%emt 0:00:02]} 37. Ng4 {[%emt 0:00:01]} Rxf3+ {[%emt 0:00:02]} 38. Kh4 {[%emt 0:00:01]} Rf4 {[%emt 0:00:01]} 39. Kg3 {[%emt 0:00:01]} Rf5 {[%emt 0:00:01]} 40. Ne3 {[%emt 0:00:01]} Rg5+ {[%emt 0:00:01]} 41. Kf4 {[%emt 0:00:01]} Kh7 {[%emt 0:00:00]} 42. Nf5 {[%emt 0:00:02]} Rxf5+ {[%emt 0:00:01] Zeit (Lag: Av=0.35s, max=0.8s)} 0-1

[Event "Stay Safe Play From Home 175"]
[Site "T#646355Emanuel Laske"]
[Date "2020.05.26"]
[Round "9"]
[White "Justwatch"]
[Black "Grizzzly"]
[Result "0-1"]
[WhiteElo "1749"]
[BlackElo "1678"]
[Annotator "NA RC"]
[PlyCount "64"]
[EventDate "2020.05.26"]
[EventType "swiss (blitz)"]

1. e4 {[%emt 0:00:01]} e6 {[%emt 0:00:00]} 2. e5 {[%emt 0:00:01]} d5 {[%emt 0:00:00]} 3. exd6 {[%emt 0:00:01]} Bxd6 {[%emt 0:00:01]} 4. Nf3 {[%emt 0:00:00]} Nf6 {[%emt 0:00:01]} 5. Nc3 {[%emt 0:00:00]} O-O {[%emt 0:00:01]} 6. Be2 {[%emt 0:00:01]} Nbd7 {[%emt 0:00:01]} 7. d3 {[%emt 0:00:00]} b6 {[%emt 0:00:01]} 8. Bg5 {[%emt 0:00:00]} Bb7 {[%emt 0:00:01]} 9. Bh4 {[%emt 0:00:00]} Rc8 {[%emt 0:00:01]} 10. Bg3 {[%emt 0:00:00]} Bxg3 {[%emt 0:00:02]} 11. fxg3 {[%emt 0:00:00]} c5 {[%emt 0:00:01]} 12. O-O {[%emt 0:00:00]} Qc7 {[%emt 0:00:01]} 13. Nd2 {[%emt 0:00:00]} Ne5 {[%emt 0:00:01]} 14. Nde4 {[%emt 0:00:00]} Rfd8 {[%emt 0:00:01]} 15. Nxf6+ {[%emt 0:00:01]} gxf6 {[%emt 0:00:02]} 16. Rxf6 {[%emt 0:00:01]} Rd4 {[%emt 0:00:04]} 17. Bf3 {[%emt 0:00:01]} Nxf3+ {[%emt 0:00:03]} 18. gxf3 {[%emt 0:00:00]} c4 {[%emt 0:00:03]} 19. Qd2 {[%emt 0:00:02]} cxd3 {[%emt 0:00:01]} 20. Qg5+ {[%emt 0:00:01]} Kh8 {[%emt 0:00:02]} 21. cxd3 {[%emt 0:00:01]} Rg8 {[%emt 0:00:02]} 22. Qh6 {[%emt 0:00:02]} Qe7 {[%emt 0:00:08]} 23. Ne4 {[%emt 0:00:03]} Bxe4 {[%emt 0:00:02]} 24. dxe4 {[%emt 0:00:02]} e5 {[%emt 0:00:01]} 25. Rc1 {[%emt 0:00:03]} Qd7 {[%emt 0:00:03]} 26. Rfc6 {[%emt 0:00:03]} Rd1+ {[%emt 0:00:01]} 27. Rxd1 {[%emt 0:00:00]} Qxd1+ {[%emt 0:00:01]} 28. Kg2 {[%emt 0:00:00]} Qe2+ {[%emt 0:00:01]} 29. Kh3 {[%emt 0:00:01]} Qxf3 {[%emt 0:00:01]} 30. Qf6+ {[%emt 0:00:01]} Rg7 {[%emt 0:00:04]} 31. Qxf3 {[%emt 0:00:01]} h5 {[%emt 0:00:02]} 32. Qf5 {[%emt 0:00:01]} Rg6 {[%emt 0:00:01] Justwatch terk eder (Lag: Av=0.32s, max=0.8s)} 0-1

[Event "Stay Safe Play From Home 175"]
[Site "T#646355Emanuel Laske"]
[Date "2020.05.26"]
[Round "9"]
[White "Haris kollari 13"]
[Black "matanant"]
[Result "0-1"]
[WhiteElo "1658"]
[BlackElo "1671"]
[Annotator "NA"]
[PlyCount "48"]
[EventDate "2020.05.26"]
[EventType "swiss (blitz)"]

1. e4 {[%emt 0:00:01]} e5 {[%emt 0:00:02]} 2. f4 {[%emt 0:00:01]} d5 {[%emt 0:00:01]} 3. d4 {[%emt 0:00:01]} exd4 {[%emt 0:00:02]} 4. e5 {[%emt 0:00:01]} c5 {[%emt 0:00:02]} 5. Nf3 {[%emt 0:00:01]} Nc6 {[%emt 0:00:01]} 6. Bb5 {[%emt 0:00:04] matanant reconnected.} Qa5+ {[%emt 0:00:06]} 7. c3 {[%emt 0:00:06]} Qxb5 {[%emt 0:00:01]} 8. cxd4 {[%emt 0:00:01]} cxd4 {[%emt 0:00:02]} 9. a4 {[%emt 0:00:06]} Bb4+ {[%emt 0:00:03]} 10. Nbd2 {[%emt 0:00:02]} Qc4 {[%emt 0:00:03]} 11. b3 {[%emt 0:00:11]} Qd3 {[%emt 0:00:03]} 12. Rb1 {[%emt 0:00:03]} Qe3+ {[%emt 0:00:05]} 13. Qe2 {[%emt 0:00:02]} Qxf4 {[%emt 0:00:03]} 14. O-O {[%emt 0:00:01]} Qe3+ {[%emt 0:00:02]} 15. Rf2 {[%emt 0:00:09]} Qxe2 {[%emt 0:00:02]} 16. Rxe2 {[%emt 0:00:01]} Nge7 {[%emt 0:00:01]} 17. Bb2 {[%emt 0:00:01]} Bg4 {[%emt 0:00:05]} 18. h3 {[%emt 0:00:04]} Bxf3 {[%emt 0:00:01]} 19. Nxf3 {[%emt 0:00:01]} d3 {[%emt 0:00:01]} 20. Re3 {[%emt 0:00:01]} O-O {[%emt 0:00:04]} 21. Rd1 {[%emt 0:00:00]} Nf5 {[%emt 0:00:01]} 22. Rexd3 {[%emt 0:00:01]} Rad8 {[%emt 0:00:01]} 23. Rxd5 {[%emt 0:00:01]} Rxd5 {[%emt 0:00:02]} 24. Rxd5 {[%emt 0:00:00]} Re8 {[%emt 0:00:00] Time (Lag: Av=2.45s, max=45.9s)} 0-1